Album By Cover #1 - Statistics

General Stats
  • This quiz has been taken 91 times
  • The average score is 7 of 20
Answer Stats
Picture Hint Answer % Correct
The Beatles Abbey Road
93%
Pink Floyd The Dark Side Of The Moon
84%
Fleetwood Mac Rumours
62%
Taylor Swift 1989
61%
Weezer Weezer
57%
Olivia Rodrigo Sour
54%
Gorillaz Demon Days
52%
Kanye West Yeezus
52%
Harry Styles Harry's House
50%
Daft Punk Random Access Memories
50%
Blink-182 Enema Of The State
29%
Bruno Mars Doo-Wops & Hooligans
21%
The Who Tommy
16%
Imagine Dragons Smoke + Mirrors
13%
Chumbawamba Tubthumper
11%
The Prodigy The Fat Of The Land
10%
Meghan Trainor Title
10%
Pitbull Global Warming: Meltdown
9%
UB40 Labour Of Love
5%
TAS 1000 A Message For Marta
2%
No matching quizzes found
Score Distribution
Percent of People with Each Score
Percentile by Number Answered
Your Score History
You have not taken this quiz